000 00925nas a2200277 4500
001 BR8100503
003 BR-BrBNA
005 20231205084516.0
007 ta
008 230509b bl.|||p| |||| 00| 00por d
040 _aBR-BrBNA
_bpor
_cBiblioteca Nacional de Agricultura
041 _a(Pt)
072 _aS10
100 1 _aKibuuka, G.K.
100 1 _aEl-Dash, A.
245 1 _aO efeito do polimento na composicao do arroz para consumo [Valor nutritivo; Brasil]
246 1 _aEffect of polishing on the nutrient composition of rice [Nutritious value; Brazil]
650 _aComposicao de alimento
650 _aArroz
650 _aComposicao quimica
650 _aValor nutritivo
650 _aPolimento
773 0 _tBoletim da Sociedade Brasileira de Ciencia e Tecnologia de Alimentos (Brazil)
_x
_g(Mar 1980), (no. 51) p. 1-16
_wBR8100503
909 _a202311
_bLúcia
_c55
_dLúcia Elande
942 _2AGRIS
_n0
_cANA
999 _c105646
_d105646